000 01157nam a22002657a 4500
999 _c11487
_d11487
003 AR-CdUCM
008 190404b ||||| |||| 00| 0 spa d
040 _aMUNICIPALIDAD PROVINCIAL DEL CUSCO
_cBIBLIOTECA MUNICIPAL DEL CUSCO
082 _a371.227 /
_bJ72 / 1946
100 _aJones, Arthur J.,
_928874
245 _aEl sistema de unidades de trabajo escolar /
260 _aMéxico :
_bUnión Tipográfica Editorial Hispano-Americana,
_c1946.
300 _axi 283 paginas ;
_c23 cm.
505 _aContenido :Principios en que se basa la organización de unidades -- Base psicológica de la unidad de adaptación -- Elementos esenciales de la unidad -- El maestro en relación con la unidad de aprendizaje -- Planificación de unidades...
650 _aActividades de aprendizaje
_928875
650 _aEjercicios de aprendizaje
_928876
650 _aMaterias de estudio
_928877
650 _aProcedimientos correctivos
_928878
650 _aTrabajo escolar
_928879
700 _aGrizzell, E. D.
_928880
700 _aGrinstead, Wren Jones
_928881
700 _aTirado Benedi, Domingo (Traductor)
_928882
942 _2ddc
_cLIBROS
945 _awnts